[Event "Heusenstamm Sparkassen op-A 7th"]
[Site "Heusenstamm"]
[Date "2021.11.21"]
[Round "6.56"]
[White "Meyer, Marcel"]
[Black "Rutsatz, Mario"]
[Result "1-0"]
[WhiteElo "1728"]
[BlackElo "1929"]
[PlyCount "76"]
[EventDate "2021.11.18"]
[EventType "swiss"]
[EventRounds "7"]
[EventCountry "GER"]
[SourceTitle "EXT 2023"]
[Source "ChessBase"]
[SourceDate "2022.10.05"]
[SourceVersion "1"]
[SourceVersionDate "2022.10.05"]
[SourceQuality "1"]

1. d4 d5 2. c4 e6 3. Nc3 Be7 4. cxd5 exd5 5. Bf4 Nf6 6. e3 0-0 7. Bd3 c5 8. Nf3 Nc6 9. dxc5 Bxc5 10. 0-0 Bg4 11. h3 Bh5 12. Be2 a6 13. Bg5 Bxf3 14. Bxf3 d4 15. Nd5 dxe3 16. Nxf6+ gxf6 17. Bxe3 Bxe3 18. fxe3 Qb6 19. Bxc6 Qxc6 20. Qg4+ Kh8 21. Qf5 Rae8 22. Rac1 Qe6 23. Qxf6+ Qxf6 24. Rxf6 Rxe3 25. Rc7 Kg7 26. Rb6 Rb8 27. Kf2 Re5 28. Rcxb7 Rxb7 29. Rxb7 a5 30. a4 Re6 31. Rb5 Ra6 32. Ke3 Kf6 33. Kf4 h6 34. Ke4 Ke6 35. Kd4 Rd6+ 36. Kc3 Rc6+ 37. Kb3 Ra6 38. Kc4 Rc6+ 1-0

[Event "Heusenstamm Sparkassen op-A 7th"]
[Site "Heusenstamm"]
[Date "2021.11.21"]
[Round "7.55"]
[White "Rutsatz, Mario"]
[Black "Armbrust, Matthias"]
[Result "0-1"]
[WhiteElo "1929"]
[BlackElo "1833"]
[PlyCount "52"]
[EventDate "2021.11.18"]
[EventType "swiss"]
[EventRounds "7"]
[EventCountry "GER"]
[SourceTitle "EXT 2023"]
[Source "ChessBase"]
[SourceDate "2022.10.05"]
[SourceVersion "1"]
[SourceVersionDate "2022.10.05"]
[SourceQuality "1"]

1. d4 g6 2. e4 Bg7 3. c3 d6 4. Nf3 Nc6 5. Bg5 Nf6 6. Bd3 0-0 7. h3 e5 8. 0-0 h6 9. Bh4 Qe8 10. Re1 Nh5 11. d5 Ne7 12. c4 Nf4 13. Nc3 f5 14. Bf1 g5 15. Bg3 Nh5 16. exf5 Nxg3 17. fxg3 Nxf5 18. Ne4 Qf7 19. c5 dxc5 20. Nxc5 Nxg3 21. Bc4 Kh8 22. Ne6 Bxe6 23. dxe6 Qf4 24. Qb3 e4 25. Re3 exf3 26. Rxf3 Bd4+ 0-1

[Event "Heusenstamm Sparkassen op-A 7th"]
[Site "Heusenstamm"]
[Date "2021.11.18"]
[Round "1.24"]
[White "Rutsatz, Mario"]
[Black "Sieber, Fiona"]
[Result "0-1"]
[WhiteElo "1929"]
[BlackElo "2207"]
[PlyCount "68"]
[EventDate "2021.11.18"]
[EventType "swiss"]
[EventRounds "7"]
[EventCountry "GER"]
[SourceTitle "EXT 2023"]
[Source "ChessBase"]
[SourceDate "2022.10.05"]
[SourceVersion "1"]
[SourceVersionDate "2022.10.05"]
[SourceQuality "1"]

1. c4 e5 2. Nc3 Nf6 3. Nf3 Nc6 4. e3 Bb4 5. Qc2 0-0 6. a3 Bxc3 7. Qxc3 Re8 8. Be2 d5 9. d4 Bg4 10. dxe5 Bxf3 11. Bxf3 Nxe5 12. Bxd5 Nxd5 13. cxd5 Qxd5 14. 0-0 Rad8 15. b4 Re6 16. f3 Rc6 17. Qd4 Qxd4 18. exd4 Nc4 19. Re1 f6 20. b5 Rb6 21. Bf4 Rxb5 22. Bxc7 Rxd4 23. Bb8 Rb2 24. Re7 Rdd2 25. Rc1 Kf8 26. Re4 Rxg2+ 27. Kh1 Ne5 28. Bxe5 fxe5 29. Rh4 h6 30. Rc8+ Kf7 31. Rc7+ Kf6 32. Rxb7 Rxh2+ 33. Rxh2 Rxb7 34. Rc2 Kf5 0-1

[Event "Heusenstamm Sparkassen op-A 6th"]
[Site "Heusenstamm"]
[Date "2019.11.24"]
[Round "7"]
[White "Feicht, Arno"]
[Black "Rutsatz, Mario"]
[Result "0-1"]
[WhiteElo "1851"]
[BlackElo "1978"]
[PlyCount "112"]
[EventDate "2019.11.21"]
[EventType "swiss"]
[EventRounds "7"]
[EventCountry "GER"]
[SourceTitle "CBM 194 Extra"]
[Source "ChessBase"]
[SourceDate "2020.03.31"]
[SourceVersion "1"]
[SourceVersionDate "2020.03.31"]
[SourceQuality "1"]

1. e4 Nf6 2. e5 Nd5 3. d4 d6 4. c4 Nb6 5. exd6 exd6 6. Nc3 Be7 7. Bd3 Nc6 8. Be3 0-0 9. b3 Bf6 10. Nge2 Bg4 11. Qd2 d5 12. c5 Nc8 13. 0-0 N8e7 14. h3 Bf5 15. g4 Bxd3 16. Qxd3 Qd7 17. g5 Qxh3 18. gxf6 Nf5 19. Nf4 Qg4+ 20. Kh2 Ncxd4 21. Nce2 Nf3+ 22. Kh1 Qh4+ 23. Kg2 Qg4+ 24. Ng3 g5 25. Rh1 N3h4+ 26. Kf1 Nxg3+ 27. fxg3 Qf3+ 28. Bf2 Qxh1+ 29. Bg1 Qf3+ 30. Qxf3 Nxf3 31. Nxd5 Nxg1 32. Kxg1 c6 33. Ne7+ Kh8 34. Kg2 Rad8 35. Kf3 Rd4 36. Rh1 Rfd8 37. Nf5 g4+ 38. Ke3 R4d5 39. Nd6 R5xd6 40. cxd6 Rxd6 41. Rf1 h6 42. Ke4 Kh7 43. Kf5 h5 44. Re1 Rd5+ 45. Kf4 Kg6 46. Re7 Rb5 47. Rd7 Kxf6 48. Rd6+ Ke7 49. Rh6 a5 50. Ke4 a4 51. Kf4 axb3 52. axb3 f6 53. Ke4 Ke6 54. Kd4 Rxb3 55. Rxh5 Rxg3 56. Kc5 Rh3 0-1

[Event "Heusenstamm Sparkassen op-A 6th"]
[Site "Heusenstamm"]
[Date "2019.11.24"]
[Round "6"]
[White "Rutsatz, Mario"]
[Black "Mehlen, Theodor"]
[Result "1/2-1/2"]
[WhiteElo "1978"]
[BlackElo "1839"]
[PlyCount "106"]
[EventDate "2019.11.21"]
[EventType "swiss"]
[EventRounds "7"]
[EventCountry "GER"]
[SourceTitle "CBM 194 Extra"]
[Source "ChessBase"]
[SourceDate "2020.03.31"]
[SourceVersion "1"]
[SourceVersionDate "2020.03.31"]
[SourceQuality "1"]

1. e4 c5 2. Nc3 a6 3. a4 g6 4. g3 Bg7 5. Bg2 d6 6. d3 Nc6 7. Nge2 Nf6 8. 0-0 0-0 9. f4 Qc7 10. h3 b6 11. e5 Ne8 12. Nd5 Qb7 13. Nxe7+ Qxe7 14. Bxc6 Ra7 15. exd6 Nxd6 16. Bg2 Re8 17. Nc3 Nf5 18. Nd5 Qd6 19. Kh2 Be6 20. c4 Bxd5 21. Bxd5 Rae7 22. Be4 Nd4 23. f5 gxf5 24. Bf4 Qd7 25. Bd5 Re2+ 26. Kh1 Qe7 27. Rb1 Qf6 28. b4 cxb4 29. Rxb4 Qg6 30. g4 Be5 31. Qc1 fxg4 32. Bxe5 Nf3 33. Bxf3 R8xe5 34. Rg1 gxf3 35. Rxg6+ hxg6 36. Rb1 f2 37. Qf1 Re1 38. Kg2 Rg5+ 39. Kxf2 Rxf1+ 40. Kxf1 Ra5 41. Rxb6 Rxa4 42. Ke2 Kf8 43. Rb7 Ke8 44. Ke3 Ra1 45. Kd4 f5 46. c5 f4 47. Ke4 g5 48. Rg7 Re1+ 49. Kd5 f3 50. c6 f2 51. c7 Rc1 52. Ke6 Re1+ 53. Kd6 Rc1 1/2-1/2

[Event "Heusenstamm Sparkassen op-A 6th"]
[Site "Heusenstamm"]
[Date "2019.11.23"]
[Round "5"]
[White "Gallasch, Jonas"]
[Black "Rutsatz, Mario"]
[Result "1-0"]
[WhiteElo "2160"]
[BlackElo "1978"]
[PlyCount "81"]
[EventDate "2019.11.21"]
[EventType "swiss"]
[EventRounds "7"]
[EventCountry "GER"]
[SourceTitle "CBM 194 Extra"]
[Source "ChessBase"]
[SourceDate "2020.03.31"]
[SourceVersion "1"]
[SourceVersionDate "2020.03.31"]
[SourceQuality "1"]

1. d4 Nf6 2. c4 g6 3. Nc3 d5 4. Nf3 Bg7 5. Qb3 dxc4 6. Qxc4 0-0 7. e4 Bg4 8. Be2 Nfd7 9. Be3 Nb6 10. Qd3 Nc6 11. Rd1 f5 12. Ng5 fxe4 13. Qc2 Bxe2 14. Nxe2 Qd5 15. Qxe4 Qxe4 16. Nxe4 Nc4 17. Nc5 Nxb2 18. Rb1 Nc4 19. Ne6 Rfc8 20. Rxb7 Rab8 21. Rxb8 Rxb8 22. 0-0 Rb2 23. Nc1 Nxe3 24. fxe3 Bh6 25. Kh1 Nb4 26. g4 Nd5 27. g5 Nxe3 28. Re1 Ng2 29. Rg1 Nh4 30. gxh6 Nf3 31. Rg2 Rb1 32. Rc2 Kf7 33. d5 Kf6 34. Rf2 Rxc1+ 35. Kg2 Ke5 36. Rxf3 Kxd5 37. Ng5 e5 38. Nxh7 e4 39. Nf6+ Ke5 40. Nxe4 Rb1 41. Ng5 1-0

[Event "Heusenstamm Sparkassen op-A 6th"]
[Site "Heusenstamm"]
[Date "2019.11.23"]
[Round "4"]
[White "Rutsatz, Mario"]
[Black "Viol, Julius"]
[Result "1-0"]
[WhiteElo "1978"]
[BlackElo "1782"]
[PlyCount "107"]
[EventDate "2019.11.21"]
[EventType "swiss"]
[EventRounds "7"]
[EventCountry "GER"]
[SourceTitle "CBM 194 Extra"]
[Source "ChessBase"]
[SourceDate "2020.03.31"]
[SourceVersion "1"]
[SourceVersionDate "2020.03.31"]
[SourceQuality "1"]

1. c4 e5 2. Nf3 Nc6 3. Nc3 Nf6 4. d4 exd4 5. Nxd4 Bb4 6. g3 Ne4 7. Nxc6 dxc6 8. Qb3 Bxc3+ 9. bxc3 0-0 10. Bg2 Re8 11. 0-0 Nc5 12. Qc2 Be6 13. Be3 Qe7 14. Qb2 Rab8 15. Qa3 Na6 16. Qxe7 Rxe7 17. Bxa7 Rd8 18. Rfd1 Red7 19. Rxd7 Rxd7 20. Be3 Bxc4 21. Kf1 f6 22. Ke1 Rd6 23. Rb1 b5 24. Rb2 c5 25. a3 Kf7 26. h4 h6 27. h5 c6 28. Bf4 Re6 29. Bh3 Re8 30. Bd7 Re7 31. Bxc6 Nc7 32. Bxc7 Rxc7 33. Bxb5 Be6 34. c4 Bg4 35. a4 Ra7 36. Rd2 Bxh5 37. Rd5 Bg4 38. Rxc5 Ke7 39. Rc6 Bd7 40. Rb6 Kd8 41. Rd6 h5 42. Rxd7+ Rxd7 43. Bxd7 Kxd7 44. a5 Kc6 45. Kd2 Kb7 46. Ke3 Ka6 47. f4 Kxa5 48. f5 Kb6 49. Kd4 Kc6 50. c5 Kc7 51. Kd5 Kd7 52. c6+ Kc7 53. e3 Kd8 54. Kd6 1-0

[Event "Heusenstamm Sparkassen op-A 6th"]
[Site "Heusenstamm"]
[Date "2019.11.21"]
[Round "1"]
[White "Baskin, Robert"]
[Black "Rutsatz, Mario"]
[Result "1-0"]
[WhiteElo "2410"]
[BlackElo "1978"]
[PlyCount "63"]
[EventDate "2019.11.21"]
[EventType "swiss"]
[EventRounds "7"]
[EventCountry "GER"]
[SourceTitle "CBM 193 Extra"]
[Source "ChessBase"]
[SourceDate "2020.01.31"]
[SourceVersion "1"]
[SourceVersionDate "2020.01.31"]
[SourceQuality "1"]

1. e4 Nf6 2. e5 Nd5 3. d4 d6 4. Nf3 Bg4 5. Be2 e6 6. h3 Bh5 7. c4 Nb6 8. Nc3 Nc6 9. exd6 cxd6 10. d5 exd5 11. g4 Bg6 12. cxd5 Nb4 13. Nd4 Be7 14. 0-0 0-0 15. f4 h6 16. f5 Bh7 17. Qb3 a5 18. a3 Bf6 19. Be3 Re8 20. Bf2 Na6 21. Ne6 fxe6 22. dxe6 Qc8 23. Qxb6 Bxc3 24. Rac1 Nc5 25. Rxc3 Qd8 26. Qxd8 Raxd8 27. Bxc5 dxc5 28. Bb5 Re7 29. Rxc5 Kh8 30. Bd7 Bg8 31. Rc8 Rxc8 32. Bxc8 1-0

[Event "Wiesbaden op 31st"]
[Site "Wiesbaden"]
[Date "2019.08.25"]
[Round "7"]
[White "Schwenk, Stefan"]
[Black "Rutsatz, Mario"]
[Result "0-1"]
[WhiteElo "1733"]
[BlackElo "1977"]
[PlyCount "58"]
[EventDate "2019.08.22"]
[EventType "swiss"]
[EventRounds "7"]
[EventCountry "GER"]
[SourceTitle "EXT 2020"]
[Source "ChessBase"]
[SourceDate "2019.10.17"]
[SourceVersion "1"]
[SourceVersionDate "2019.10.17"]
[SourceQuality "1"]

1. c4 c5 2. g3 Nc6 3. Bg2 g6 4. Nc3 Bg7 5. e3 e5 6. Nge2 Nge7 7. a3 a5 8. 0-0 0-0 9. d3 Rb8 10. Bd2 d6 11. Qc2 Be6 12. f4 Qd7 13. Rf2 b6 14. e4 f5 15. Raf1 Nd4 16. Nxd4 cxd4 17. Nb5 fxe4 18. Bxe4 d5 19. Bg2 Rbc8 20. a4 dxc4 21. fxe5 cxd3 22. Rxf8+ Bxf8 23. Qd1 Bg7 24. Bf4 Nf5 25. Rf3 Ne3 26. Bxe3 dxe3 27. Rxe3 d2 28. Nc3 Qd4 29. Qf3 Rxc3 0-1

[Event "Hessen-chA"]
[Site "Frankfurt"]
[Date "2019.06.02"]
[Round "7"]
[White "Bagatsch, Thomas"]
[Black "Rutsatz, Mario"]
[Result "1/2-1/2"]
[WhiteElo "2087"]
[BlackElo "1959"]
[PlyCount "65"]
[EventDate "2019.05.30"]
[EventType "swiss"]
[EventRounds "7"]
[EventCountry "GER"]
[SourceTitle "EXT 2020"]
[Source "ChessBase"]
[SourceDate "2019.10.17"]
[SourceVersion "1"]
[SourceVersionDate "2019.10.17"]
[SourceQuality "1"]

1. e4 e6 2. c4 c5 3. Nf3 Nc6 4. Be2 Nf6 5. Nc3 a6 6. 0-0 Qc7 7. d4 cxd4 8. Nxd4 Bb4 9. Nxc6 dxc6 10. Bf3 0-0 11. Qb3 Be7 12. Bg5 e5 13. Rac1 Qb8 14. Qb6 Be6 15. b3 h6 16. Bxf6 Bxf6 17. Rfd1 Bg5 18. Rb1 Bd8 19. Qe3 b5 20. cxb5 Bb6 21. Qc1 axb5 22. a4 Qa7 23. axb5 Bxf2+ 24. Kh1 Rac8 25. Ra1 Qc5 26. bxc6 Bxb3 27. Nd5 Bxd1 28. Bxd1 Kh8 29. c7 f5 30. Qxc5 Bxc5 31. Rc1 Bd6 32. exf5 Rf7 33. Bg4 1/2-1/2

[Event "Hessen-chA"]
[Site "Frankfurt"]
[Date "2019.06.01"]
[Round "5"]
[White "Rutsatz, Mario"]
[Black "Neidhardt, Helge"]
[Result "1/2-1/2"]
[WhiteElo "1959"]
[BlackElo "2094"]
[PlyCount "50"]
[EventDate "2019.05.30"]
[EventType "swiss"]
[EventRounds "7"]
[EventCountry "GER"]
[SourceTitle "EXT 2020"]
[Source "ChessBase"]
[SourceDate "2019.10.17"]
[SourceVersion "1"]
[SourceVersionDate "2019.10.17"]
[SourceQuality "1"]

1. g3 e5 2. c4 Nc6 3. Bg2 Bc5 4. Nc3 d6 5. e3 Nf6 6. Nge2 Bb6 7. b3 0-0 8. Bb2 Bf5 9. d3 Qd7 10. 0-0 Bh3 11. Nd5 Nxd5 12. cxd5 Ne7 13. e4 c6 14. dxc6 Nxc6 15. d4 Rac8 16. Rc1 Rfe8 17. dxe5 dxe5 18. Qxd7 Bxd7 19. Rfd1 Bg4 20. Kf1 f6 21. f3 Be6 22. Rd6 Kf7 23. Rxe6 Rxe6 24. Bh3 Rd8 25. Bxe6+ Kxe6 1/2-1/2

[Event "Frankfurt-chA"]
[Site "Frankfurt"]
[Date "2019.05.13"]
[Round "3"]
[White "Balzereit, Georg"]
[Black "Rutsatz, Mario"]
[Result "1-0"]
[WhiteElo "1687"]
[BlackElo "1921"]
[PlyCount "99"]
[EventDate "2019.04.29"]
[EventType "swiss"]
[EventRounds "7"]
[EventCountry "GER"]
[SourceTitle "EXT 2020"]
[Source "ChessBase"]
[SourceDate "2019.10.17"]
[SourceVersion "1"]
[SourceVersionDate "2019.10.17"]
[SourceQuality "1"]

1. e4 e6 2. d4 d5 3. e5 c5 4. c3 Bd7 5. Nf3 Qb6 6. Bd3 Bb5 7. dxc5 Bxc5 8. b4 Be7 9. 0-0 Bxd3 10. Qxd3 Nc6 11. Be3 Qc7 12. Nbd2 a6 13. Rfe1 Nh6 14. Bxh6 gxh6 15. a4 h5 16. b5 Na5 17. Rac1 Nc4 18. Nxc4 Qxc4 19. Qe3 axb5 20. axb5 Qxb5 21. Ra1 Rxa1 22. Rxa1 0-0 23. Qh6 Qb2 24. Rf1 Qxc3 25. Ng5 Qd3 26. Nxe6 fxe6 27. Qxe6+ Rf7 28. Qc8+ Kg7 29. f4 Bc5+ 30. Qxc5 d4 31. e6 Qe3+ 32. Kh1 Qxe6 33. Qxd4+ Qf6 34. Qd5 Qc6 35. Qxh5 Qg6 36. Qf3 b5 37. f5 Qg5 38. Qc3+ Kh6 39. Qh3+ Qh5 40. Qe3+ Qg5 41. Qb6+ Rf6 42. Qxb5 Qe3 43. h3 Qg3 44. Qb2 Qg5 45. Qe5 Kg7 46. Rf3 Kf8 47. Qb8+ Kg7 48. Rg3 Kh6 49. Rxg5 Kxg5 50. g4 1-0

[Event "Frankfurt-chA"]
[Site "Frankfurt"]
[Date "2019.05.06"]
[Round "2"]
[White "Rutsatz, Mario"]
[Black "John, Volkmar"]
[Result "1-0"]
[WhiteElo "1921"]
[BlackElo "1646"]
[PlyCount "29"]
[EventDate "2019.04.29"]
[EventType "swiss"]
[EventRounds "7"]
[EventCountry "GER"]
[SourceTitle "EXT 2020"]
[Source "ChessBase"]
[SourceDate "2019.10.17"]
[SourceVersion "1"]
[SourceVersionDate "2019.10.17"]
[SourceQuality "1"]

1. c4 Nf6 2. g3 e6 3. Bg2 d5 4. Nf3 Be7 5. 0-0 0-0 6. d4 dxc4 7. Qc2 c5 8. Rd1 Qc7 9. Qxc4 Rd8 10. Nc3 a6 11. Bf4 Qb6 12. Na4 Qb5 13. Qxb5 axb5 14. Nb6 Ra6 15. Bxb8 1-0

[Event "Frankfurt-chA"]
[Site "Frankfurt"]
[Date "2019.04.30"]
[Round "1"]
[White "Masoudi, Kian"]
[Black "Rutsatz, Mario"]
[Result "1-0"]
[WhiteElo "1537"]
[BlackElo "1921"]
[PlyCount "97"]
[EventDate "2019.04.29"]
[EventType "swiss"]
[EventRounds "7"]
[EventCountry "GER"]
[SourceTitle "EXT 2020"]
[Source "ChessBase"]
[SourceDate "2019.10.17"]
[SourceVersion "1"]
[SourceVersionDate "2019.10.17"]
[SourceQuality "1"]

1. d4 Nf6 2. Bf4 d5 3. e3 c5 4. c3 Nc6 5. Nd2 e6 6. Bd3 Bd6 7. Bg3 b6 8. Ngf3 Bb7 9. Ne5 Qc7 10. f4 Nd7 11. Qg4 g6 12. 0-0 f5 13. Qh3 Ndxe5 14. fxe5 Be7 15. Nf3 Nd8 16. Bh4 Bxh4 17. Qxh4 Qe7 18. Qh6 Qf8 19. Qg5 Qg7 20. h4 h6 21. Qg3 0-0 22. Rac1 a5 23. c4 Ba6 24. b3 Nc6 25. Rfd1 Nb4 26. Bb1 dxc4 27. bxc4 Rad8 28. d5 exd5 29. a3 Nc6 30. cxd5 Be2 31. Nd4 cxd4 32. Rxc6 Bxd1 33. Rxg6 Rf7 34. Rxg7+ Rxg7 35. Qf2 Bb3 36. Ba2 dxe3 37. Qe2 Bxa2 38. Qxa2 Kh8 39. d6 f4 40. Qd5 Rf8 41. Kf1 Rc8 42. d7 Rc1+ 43. Ke2 Rc2+ 44. Kf3 Rf2+ 45. Ke4 Rxd7 46. Qxd7 Rd2 47. Qe8+ Kh7 48. Qf7+ Kh8 49. Qxf4 1-0

[Event "Heusenstamm Sparkassen op-A 5th"]
[Site "Heusenstamm"]
[Date "2018.11.24"]
[Round "5"]
[White "Kersten, Uwe"]
[Black "Rutsatz, Mario"]
[Result "1-0"]
[WhiteElo "2233"]
[BlackElo "2006"]
[PlyCount "121"]
[EventDate "2018.11.22"]
[EventType "swiss"]
[EventRounds "7"]
[EventCountry "GER"]
[SourceTitle "CBM 188 Extra"]
[Source "ChessBase"]
[SourceDate "2019.02.26"]
[SourceVersion "1"]
[SourceVersionDate "2019.02.26"]
[SourceQuality "1"]

1. d4 Nf6 2. Bg5 e6 3. Nf3 h6 4. Bh4 g5 5. Bg3 Nh5 6. e3 Bg7 7. Bd3 d6 8. Nbd2 b6 9. c3 Bb7 10. Qe2 Nd7 11. 0-0-0 Qe7 12. Ne1 Nxg3 13. hxg3 0-0-0 14. g4 Kb8 15. Kb1 Rhf8 16. e4 d5 17. Nc2 e5 18. exd5 Bxd5 19. Nb4 Bb7 20. Ba6 Qd6 21. Bxb7 Kxb7 22. d5 Nb8 23. Ne4 Qg6 24. f3 Rfe8 25. Nc2 f5 26. gxf5 Qxf5 27. Ne3 Qg6 28. g4 Nd7 29. Qc2 Qf7 30. Nf5 Nf6 31. Nxf6 Qxf6 32. Qe4 Kb8 33. Rh2 Rh8 34. Rdh1 Bf8 35. a3 Rd7 36. Rh5 Rdh7 37. Re1 Bd6 38. Qc4 Bc5 39. Ka2 Rd7 40. b4 Bf2 41. Re2 Bh4 42. Qe4 Qf7 43. c4 Rdd8 44. Rxh6 Rxh6 45. Nxh6 Qf6 46. Nf5 Re8 47. Nd4 Bg3 48. Qf5 Qh6 49. Qd7 Rc8 50. Nc6+ Kb7 51. Ne7 Rf8 52. Qc6+ Qxc6 53. dxc6+ Kb8 54. Rd2 a6 55. Nf5 Bf4 56. Rd7 Re8 57. Ne7 e4 58. fxe4 Bd6 59. Nf5 Rxe4 60. Rd8+ Ka7 61. Nxd6 1-0

[Event "Eschborn op"]
[Site "Eschborn"]
[Date "2018.10.07"]
[Round "5"]
[White "Steudel, Max"]
[Black "Rutsatz, Mario"]
[Result "1/2-1/2"]
[WhiteElo "1981"]
[BlackElo "1990"]
[PlyCount "49"]
[EventDate "2018.10.05"]
[EventType "swiss"]
[EventRounds "5"]
[EventCountry "GER"]
[SourceTitle "CBM 187 Extra"]
[Source "ChessBase"]
[SourceDate "2018.11.04"]
[SourceVersion "1"]
[SourceVersionDate "2018.11.04"]
[SourceQuality "1"]

1. d4 Nf6 2. Bf4 d5 3. e3 c5 4. c3 Nc6 5. Nd2 e6 6. Ngf3 Be7 7. Bd3 Nh5 8. Bg3 Nxg3 9. hxg3 g6 10. Qc2 Qa5 11. 0-0 Bd7 12. Nb3 Qb6 13. dxc5 Bxc5 14. Nxc5 Qxc5 15. a3 0-0 16. b4 Qd6 17. Rfd1 Ne5 18. c4 Nxf3+ 19. gxf3 Rfc8 20. Qe2 Ba4 21. Rdc1 dxc4 22. Bxc4 Rd8 23. Bb5 Bxb5 24. Qxb5 Rd7 25. Rc3 1/2-1/2

[Event "Wiesbaden op 30th"]
[Site "Wiesbaden"]
[Date "2018.08.25"]
[Round "5"]
[White "Ernst, Michael"]
[Black "Rutsatz, Mario"]
[Result "1-0"]
[WhiteElo "2145"]
[BlackElo "1999"]
[PlyCount "57"]
[EventDate "2018.08.23"]
[EventType "swiss"]
[EventRounds "7"]
[EventCountry "GER"]
[SourceTitle "CBM 186 Extra"]
[Source "ChessBase"]
[SourceDate "2018.08.24"]
[SourceVersion "1"]
[SourceVersionDate "2018.08.24"]
[SourceQuality "1"]

1. d4 Nf6 2. Bf4 d5 3. e3 c5 4. c3 Qb6 5. Qb3 Nc6 6. Nd2 Bf5 7. dxc5 Qxb3 8. axb3 e5 9. Bg3 Bxc5 10. Ngf3 Nd7 11. b4 Bd6 12. Nd4 Nxd4 13. exd4 0-0 14. Nf3 Rfe8 15. Kd2 a6 16. Be2 f6 17. Rhe1 Rad8 18. b5 axb5 19. Bxb5 Be4 20. Ra7 Re6 21. Rxb7 Nf8 22. dxe5 Bxe5 23. Nxe5 fxe5 24. f3 Bg6 25. Bxe5 Bf7 26. Bd4 Rxe1 27. Kxe1 Ne6 28. Be5 Nc5 29. Rb8 1-0

[Event "Wiesbaden op 30th"]
[Site "Wiesbaden"]
[Date "2018.08.25"]
[Round "4"]
[White "Rutsatz, Mario"]
[Black "Adam, Wilfried"]
[Result "1-0"]
[WhiteElo "1999"]
[BlackElo "1802"]
[PlyCount "49"]
[EventDate "2018.08.23"]
[EventType "swiss"]
[EventRounds "7"]
[EventCountry "GER"]
[SourceTitle "CBM 186 Extra"]
[Source "ChessBase"]
[SourceDate "2018.08.24"]
[SourceVersion "1"]
[SourceVersionDate "2018.08.24"]
[SourceQuality "1"]

1. c4 e5 2. g3 d5 3. cxd5 Qxd5 4. Nf3 e4 5. Nc3 Qf5 6. Qa4+ Bd7 7. Qxe4+ Qxe4 8. Nxe4 Nc6 9. Bg2 f5 10. Nc3 Nf6 11. 0-0 0-0-0 12. d3 h6 13. e4 Bc5 14. a3 a6 15. b4 Bd4 16. Nxd4 Nxd4 17. Be3 Nc2 18. Rac1 Nxa3 19. e5 Ng4 20. d4 Nc4 21. Nd5 Bb5 22. Rfe1 Rhe8 23. h3 Ngxe3 24. fxe3 c6 25. Rxc4 1-0

[Event "Wiesbaden op 30th"]
[Site "Wiesbaden"]
[Date "2018.08.24"]
[Round "3"]
[White "Zeyen, Helmut"]
[Black "Rutsatz, Mario"]
[Result "1/2-1/2"]
[WhiteElo "1785"]
[BlackElo "1999"]
[PlyCount "101"]
[EventDate "2018.08.23"]
[EventType "swiss"]
[EventRounds "7"]
[EventCountry "GER"]
[SourceTitle "CBM 186 Extra"]
[Source "ChessBase"]
[SourceDate "2018.08.24"]
[SourceVersion "1"]
[SourceVersionDate "2018.08.24"]
[SourceQuality "1"]

1. e4 e6 2. Qe2 c5 3. f4 Nc6 4. c3 d5 5. exd5 Qxd5 6. Qf3 Nf6 7. Na3 Be7 8. Bc4 Qd8 9. Nh3 0-0 10. 0-0 e5 11. Nf2 exf4 12. d4 cxd4 13. Bxf4 Be6 14. Bb3 Nd5 15. Nd3 dxc3 16. Nc2 cxb2 17. Rab1 Nxf4 18. Nxf4 Bxb3 19. Qxb3 Nd4 20. Nxd4 Qxd4+ 21. Kh1 Rac8 22. Ne6 fxe6 23. Qxe6+ Kh8 24. Rxf8+ Rxf8 25. Qxe7 Qf6 26. Qxf6 Rxf6 27. Kg1 Rb6 28. Kf2 Kg8 29. Ke3 Kf7 30. Kd3 Ke6 31. Kc2 Rc6+ 32. Kb3 Rc5 33. a4 Rc6 34. Re1+ Kf6 35. Kxb2 Rc4 36. Kb3 Rh4 37. Rf1+ Kg6 38. h3 a5 39. Rd1 Rb4+ 40. Ka3 b5 41. Rd6+ Kf7 42. axb5 Rxb5 43. Rd2 h5 44. Rd7+ Kf6 45. Rd6+ Kg5 46. Rd4 h4 47. Rg4+ Kh5 48. Rxg7 Rg5 49. Rh7+ Kg6 50. Rxh4 Rxg2 51. Rg4+ 1/2-1/2

[Event "Frankfurt-chA"]
[Site "Frankfurt"]
[Date "2018.06.11"]
[Round "6"]
[White "Winand, Edgar"]
[Black "Rutsatz, Mario"]
[Result "0-1"]
[WhiteElo "1797"]
[BlackElo "1941"]
[PlyCount "40"]
[EventDate "2018.04.30"]
[EventType "swiss"]
[EventRounds "7"]
[EventCountry "GER"]
[SourceTitle "EXT 2019"]
[Source "ChessBase"]
[SourceDate "2018.10.10"]
[SourceVersion "1"]
[SourceVersionDate "2018.10.10"]
[SourceQuality "1"]

1. Nf3 c5 2. c4 Nc6 3. Nc3 g6 4. g3 Bg7 5. Bg2 e5 6. d3 Nge7 7. 0-0 0-0 8. e4 d6 9. Nd5 a6 10. Bg5 f6 11. Be3 Nxd5 12. cxd5 Ne7 13. Qd2 Bd7 14. b4 b6 15. Rab1 g5 16. Rb2 h6 17. Rfb1 f5 18. bxc5 f4 19. cxd6 Nxd5 20. Rxb6 fxe3 0-1

[Event "Hessen-chA"]
[Site "Frankfurt"]
[Date "2018.05.13"]
[Round "7"]
[White "Stock, Juergen"]
[Black "Rutsatz, Mario"]
[Result "0-1"]
[WhiteElo "1927"]
[BlackElo "1997"]
[PlyCount "92"]
[EventDate "2018.05.10"]
[EventType "swiss"]
[EventRounds "7"]
[EventCountry "GER"]
[SourceTitle "EXT 2019"]
[Source "ChessBase"]
[SourceDate "2018.10.10"]
[SourceVersion "1"]
[SourceVersionDate "2018.10.10"]
[SourceQuality "1"]

1. d4 Nf6 2. c3 d5 3. e3 c6 4. Bd3 g6 5. Nd2 Bg7 6. f4 0-0 7. Qe2 Bg4 8. Ngf3 Qc8 9. 0-0 Bf5 10. Ne5 Bxd3 11. Nxd3 Qg4 12. Rf3 Ne4 13. Nf2 Nxf2 14. Qxf2 Qf5 15. Nf1 e6 16. Qe2 Nd7 17. Rh3 Nf6 18. Ng3 Qg4 19. Qe1 c5 20. Bd2 c4 21. Rd1 a5 22. Bc1 b5 23. a3 Rfb8 24. Nh1 Ne4 25. Rh4 Qf5 26. g4 Qf6 27. Rh3 Bf8 28. Ng3 Nxg3 29. hxg3 b4 30. axb4 axb4 31. e4 Qg7 32. f5 bxc3 33. bxc3 exf5 34. Bh6 Qf6 35. e5 Qe6 36. Bxf8 fxg4 37. Rh2 Rxf8 38. Qe3 f6 39. Qh6 Rf7 40. Re1 fxe5 41. Rxe5 Qf6 42. Re1 Raf8 43. Rhe2 Qd6 44. Re5 Rf3 45. Kh1 Qf6 46. Qc1 Rxg3 0-1